| 000 | 00706nam1a22002051i 4500 | ||
|---|---|---|---|
| 001 | rc\309753 | ||
| 005 | 20240723220012.0 | ||
| 035 | _a(NLR Aleph) 005630649 | ||
| 090 |
_a6572367 _c6572366 |
||
| 100 | _a20030307d1990 u |0rusy50 ca | ||
| 101 | 0 | _arus | |
| 102 | _aRU | ||
| 105 | _ay ||||||||| | ||
| 200 | 1 |
_aНовый механизм хозяйствования на железнодорожном транспорте _eУказ. лит. ... _fМ-во путей сообщ. СССР, ЦНИИТЭИ, Центр. науч.-техн. б-ка |
|
| 210 |
_aМ. _cЦНТБ МПС _d1990 |
||
| 215 | _d20 | ||
| 801 | 0 |
_aRU _bNLR _gpsbo |
|
| 801 | 1 |
_aRU _bELAR _2rusmarc |
|
| 852 |
_aNLR _bС _jК-1/5159 |
||
| 942 | _cBOOK | ||